000 01246nam a22003497a 4500
003 CHAP
005 20220329135831.0
008 971013s1994 r 00010 d
010 _a42977
011 _a43949
035 _a48087
040 _cCHAP
090 _aTesis
100 0 0 _aTut Dzib, José Ananias.
_9115699
245 _aMosca pinta de los pastos (Aeneolamia postica Walker.) : incidencia y métodos de control en la región oriente del estado de Yucatán
260 _aChapingo, Méx. :
_bEl autor,
_c1994
300 _a42 h.
_b; apénd.
502 _aTesis (Ing. Agr. Esp. en Parasitología Agrícola) -- UACH. Departamento de Parasitología Agrícola
590 _aALEPH
_b10
_c20130110
_lUCH01
_h1312
590 _aBATCH-UPD
_b10
_c20130110
_lUCH01
_h1843
590 _aBATCH-UPD
_b10
_c20130410
_lUCH01
_h1213
590 _aBATCH-UPD
_b10
_c20130914
_lUCH01
_h1041
590 _aCONVERSION
_b10
_c20130109
_lUCH01
_h1324
650 1 4 _aControl de plagas.
_927595
650 1 4 _aMosca pinta.
_978992
650 1 4 _aPastos
_xPlagas.
_986069
650 1 4 _aPastos
_xYucatán.
_986090
901 _aBK
942 _cFOLL
949 _bBC
_cTES
_d-109070
_eTS1
_h28019
_i48087
_si
949 _bBC
_cTES
_d33724000004479
_eTS2
_fc.2
_h28020
_i48087
_si
999 _c42977
_d42977